| 000 | 01228cam a2200325 4500 | ||
|---|---|---|---|
| 008 | 090401t1993 xxu||||| |||| 00| 0 eng d | ||
| 020 | _a1872844413 | ||
| 035 | _a(Sirsi) u20589 | ||
| 041 | _aeng | ||
| 050 | _a333.33 | ||
| 110 |
_aOxford Brookes University _9281 |
||
| 245 | _aProperty management performance monitoring. | ||
| 260 |
_aWallingford, Oxon. _bGTI _c1993 |
||
| 300 | _av,93p. ; 30cm. | ||
| 350 | _a32 | ||
| 520 | _aThe report aims to provide evidence of good practice and initiate an improvement in the dissemination of information with regard to monitoring the performance of operational property assets. Research was based on an in-depth study of Barclays Bank, Chartwell Land and Royal Mail, who were sponsors of the project together with the RICS. | ||
| 650 | _aASSET MANAGEMENT | ||
| 650 | _aBARCLAYS BANK | ||
| 650 | _aCHARTWELL LAND | ||
| 650 |
_aFACILITIES MANAGEMENT _96240 |
||
| 650 | _aOPERATIONAL PROPERTY | ||
| 650 | _aPERFORMANCE MONITORING | ||
| 650 |
_aProperty management _96262 |
||
| 650 | _aPROPERTY PERFORMANCE MEASUREMENT | ||
| 650 | _aROYAL MAIL | ||
| 690 | _aPROPERTY LAW AND PRACTICE | ||
| 710 |
_aUniversity of Reading _93273 |
||
| 942 | _n0 | ||
| 948 | _c04/03/1997 | ||
| 999 |
_c87845 _d87845 |
||